FAT Tuesday Quiz Stats

 Plays Quiz Updated Feb 21, 2012

Also try: Add an 'AD'
Challenge
Share
Tweet
Embed
Score 0/20 Timer 05:00
0 Plays Today
FAT in Word Full Word % Correct
_ _ FA_TInfant
94.3%
F _ATFiat
88.7%
F_ A_TFeast
88.1%
_ _ F_AT_ _ _Inflation
87.8%
FA_T_ _ _Factors
86.2%
_ _ F_ATDefeat
83.3%
F_AT_Feats
81.6%
F_AT_ _ _ _ _ _Flatulence
79%
_ _ F_AT_ _Deflates
73.8%
F_A_T_ _ _Fraction
71.8%
FAT in Word Full Word % Correct
_ _ F_ _ _AT_ _ _Information
63.6%
_ _ _ FA_TBelfast
61.2%
_ _ _ F_ AT_ _Beefeater
54.9%
_ _ FA_T_ _ _Olfactory
51.7%
F_ _ _ AT_Frigate
41%
_ _ F_A_TDefiant
32.9%
_ _ F_ _ _ AT_Exfoliate
31.2%
_ _ _ FA_ _ T_Profanity
27.6%
_ _ _ F_ _ AT_ _Perforated
24.6%
_ _ _ _ _F_ _ A_TSignificant
15.2%

You're not logged in!

Compare scores with friends on all Sporcle quizzes.
OR
Log In

You Might Also Like...

Show Comments

Extras

Top Quizzes Today


Score Distribution

Your Account Isn't Verified!

In order to create a playlist on Sporcle, you need to verify the email address you used during registration. Go to your Sporcle Settings to finish the process.

Report this User

Report this user for behavior that violates our Community Guidelines.

Details: